Statistics for Ultimate F1 quiz I

Click here to take the quiz!

General Stats

  • This quiz has been taken 13 times
    (11 since last reset)
  • The average score is 9 of 14

Answer Stats

HintAnswer% Correct
Which team holds the record for winning the most Constructors' Championships in the history of Formula 1?Ferrari
100%
Which Finnish driver quit Formula One to join World rally Championship after the 2009 F1 season?Kimi Raikkonen
100%
Which company is the sole tire supplier in Formula One since 2011?Pirelli
100%
In 2008, who set a record to become the youngest driver to win a Formula One race?Sebastian Vettel
80%
What nationality is the former racing driver Jean Alesi?French
70%
Which Formula One driver has had the highest number of fastest laps?Michael Schumacher
70%
Who crashed out at the 2020 Bahrain GPRomain Grosjean
70%
Where was the first Formula One race held at nightSingapore
70%
What number car did Fernando Alonso drive for McLaren-Mercedes in the 2007 Australian Grand Prix?1
60%
Who won the 1997 Drivers world championshipJacques Villeneuve
60%
Where did Lewis Hamilton win his first race? (city)Montreal
60%
Who is the only driver to have won a Formula 1 Grand Prix in a car bearing his own name?Bruce McLaren
50%
Who is the current head engineer for McLarenRob Marshall
10%
What is attached to the car to prevent it from coming into contact with the track?skid block
10%

Score Distribution

Percentile by Number Answered

Percent of People with Each Score

Your Score History

You have not taken this quiz since the last reset